[Event "Tata Steel-A 80th"]
[Site "Wijk aan Zee"]
[Date "2018.01.26"]
[Round "11"]
[White "Caruana, Fabiano"]
[Black "Giri, Anish"]
[Result "1/2-1/2"]
[WhiteElo "2811"]
[BlackElo "2752"]
[Annotator "Fernandez,D"]
[PlyCount "87"]
[EventDate "2018.01.13"]
[EventType "tourn"]
[EventRounds "13"]
[EventCountry "NED"]
[EventCategory "20"]
[SourceTitle "CBM 183"]
[Source "ChessBase"]
[SourceDate "2018.03.14"]
[SourceVersion "1"]
[SourceVersionDate "2018.03.14"]
[SourceQuality "1"]
[TimeControl "40/6000+30:20/3000+30:900+30"]

1. d4 {[%emt 0:00:00]} d5 {[%emt 0:00:07]} 2. Nf3 {[%emt 0:00:00]} Nf6 {
[%emt 0:00:14]} 3. Bf4 {[%emt 0:00:00]} Bf5 {[%emt 0:00:41]} 4. e3 {[%emt 0:01:
31]} e6 {[%emt 0:00:10]} 5. Nbd2 {[%emt 0:00:20]} ({For some reason Caruana
didn't feel like trying to emulate Carlsen's} 5. c4 $5) 5... Bd6 {[%emt 0:11:
22]} 6. Ne5 {[%emt 0:02:01]} (6. Bg3 {is the more 'true Londoner' move, but
after say} O-O 7. Be2 c5 8. c3 Nc6 $11 {it is immediately obvious that White
has nothing}) 6... h6 {[%emt 0:05:02]} 7. g4 $5 $146 {[%emt 0:24:36]} Bh7 {
[%emt 0:05:06]} (7... Bxe5 $5 {is fascinating:} 8. dxe5 Bxg4 9. f3 Nh5 10. fxg4
Nxf4 11. exf4 Qh4+ 12. Ke2 Qxg4+ {but it seems like White probably has an edge
with the solid} 13. Nf3 Qxf4 14. Qd2 $14 {when the piece marginally
outperforms the three pawns.}) 8. h4 {[%emt 0:00:05]} Ne4 {[%emt 0:03:23]} (
8... Nfd7 9. Nxd7 Qxd7 $132 {could eventually leave White feeling a bit
over-extended; for subtle structural reasons Black should recapture on d6 with
the pawn!}) 9. Nxe4 {[%emt 0:05:51]} Bxe4 {[%emt 0:00:09]} 10. f3 {[%emt 0:00:
05]} Bh7 {[%emt 0:00:16]} 11. Bd3 {[%emt 0:09:04]} (11. Qd2 Nd7 12. O-O-O {
might still keep things a bit fresh, as the prospect of a good bishop versus
bad bishop endgame weighs slightly on Black's mind.}) 11... Bxd3 {[%emt 0:01:
01]} 12. Qxd3 {[%emt 0:00:15]} Nd7 {[%emt 0:07:05] Solid and good for equality.
} 13. O-O-O {[%emt 0:00:29]} Bxe5 $5 {[%emt 0:09:49]} (13... Qe7 14. h5 O-O-O
$11) 14. dxe5 {[%emt 0:00:19]} Qe7 {[%emt 0:00:11]} 15. e4 {[%emt 0:09:52]}
dxe4 {[%emt 0:01:00]} (15... c6 {could be interesting, keeping open the option
of short castling, but I suspect Black rejected this due to the possibility of
c4 + Qd6 turning out to be a textbook 'incisive continuation'.}) 16. Qxe4 {
[%emt 0:00:14]} O-O-O {[%emt 0:00:05]} 17. g5 {[%emt 0:02:32]} hxg5 {[%emt 0:
16:38]} 18. Bxg5 {[%emt 0:00:16]} f6 {[%emt 0:00:12]} 19. exf6 {[%emt 0:00:19]}
Nxf6 {[%emt 0:00:11]} 20. Qe5 {[%emt 0:05:27]} Qf7 {[%emt 0:08:10]} 21. Rhe1 {
[%emt 0:05:13]} (21. b3 {might improve slightly, not giving away any tempi,
and the cat-and-mouse could continue:} b6 22. Kb2 Rhf8 23. Rxd8+ Rxd8 24. Qe2
$14) 21... Rxd1+ {[%emt 0:02:42]} 22. Rxd1 {[%emt 0:00:11]} b6 {[%emt 0:02:50]}
23. b3 {[%emt 0:08:20]} Kb8 {[%emt 0:04:07]} 24. Kb2 {[%emt 0:03:59]} Nh7 {
[%emt 0:01:59]} 25. Bf4 {[%emt 0:03:12]} (25. f4 $14 {was a logical human
continuation}) 25... Nf6 {[%emt 0:02:14]} 26. Bg5 {[%emt 0:08:44]} Nh7 {
[%emt 0:00:10]} 27. Bf4 {[%emt 0:04:25]} Nf6 {[%emt 0:00:05]} 28. Qd4 {[%emt 0:
01:26]} Kb7 {[%emt 0:12:10]} (28... Nd5 29. Be5 Qxf3 $11) 29. Be5 {[%emt 0:02:
50]} Rh5 {[%emt 0:04:11]} 30. Rg1 {[%emt 0:00:36]} Rf5 {[%emt 0:00:59]} 31. f4
{[%emt 0:00:05]} g6 {[%emt 0:01:10]} 32. Rd1 {[%emt 0:01:33]} (32. Qc4 {
was an interesting tactical idea, hinting at an overloading of the black queen,
and then} Nd5 33. Qe4 $36 {could be genuinely unpleasant}) 32... Qe7 {[%emt 0:
00:49]} 33. Qc3 $6 {[%emt 0:04:57] This loses the advantage.} Nd5 {[%emt 0:00:
53] Possibly White had thought Qg3 was good, but missed the tactical idea of ..
.Nxf4. Black has now equalised again.} 34. Qf3 {[%emt 0:04:40]} Kb8 {[%emt 0:
00:15]} 35. Qe4 {[%emt 0:01:32]} Qxh4 {[%emt 0:04:15] Now the most White can
do is take on g6, which implies a trade of pieces, and then there will be
nothing left with which to win.} 36. Rd2 {[%emt 0:00:47]} Qe7 {[%emt 0:02:39]}
37. Rh2 {[%emt 0:00:30]} Rf8 {[%emt 0:03:03]} 38. Rh6 {[%emt 0:01:00]} Rg8 {
[%emt 0:02:16]} 39. Rxg6 {[%emt 0:00:56]} Rxg6 {[%emt 0:00:14]} 40. Qxg6 {
[%emt 0:00:00]} Qd7 {[%emt 0:00:23]} 41. Qd3 {[%emt 0:00:54]} Kc8 {[%emt 0:02:
36]} 42. a4 {[%emt 0:00:30]} Nb4 {[%emt 0:05:32]} 43. Qe4 {[%emt 0:01:30]} Nc6
{[%emt 0:00:47]} 44. Bc3 {[%emt 0:00:05]} 1/2-1/2

[Event "Tata Steel-A 80th"]
[Site "Wijk aan Zee"]
[Date "2018.01.26"]
[Round "11"]
[White "Karjakin, Sergey"]
[Black "Kramnik, Vladimir"]
[Result "1-0"]
[WhiteElo "2753"]
[BlackElo "2787"]
[Annotator "Marin,M"]
[PlyCount "117"]
[EventDate "2018.01.13"]
[EventType "tourn"]
[EventRounds "13"]
[EventCountry "NED"]
[EventCategory "20"]
[SourceTitle "CBM 183"]
[Source "ChessBase"]
[SourceDate "2018.03.14"]
[SourceVersion "1"]
[SourceVersionDate "2018.03.14"]
[SourceQuality "1"]

1. c4 e6 2. g3 d5 3. Bg2 Nf6 4. Nf3 Be7 5. O-O O-O 6. b3 c5 7. cxd5 $5 {
A relatively simplistic continuation.} ({Both} 7. e3 Nc6 8. Bb2 {and}) (7. Bb2
d4 8. b4 $5 {lead to more consistent play, but apparently this is not what
Karjakin wanted to get against Kramnik!}) 7... Nxd5 ({I would also be worried
about} 7... exd5 {transposing more or less by force to a comfortable (for
Black) Tarrasch line after} 8. d4 Nc6 9. Bb2) 8. Nc3 Nc6 9. Bb2 Nxc3 {This may
also look simplistic but keeping the tension in the centre is not without
strategic risk. For instance} (9... Bf6 10. Qc1 b6 11. Nxd5 exd5 12. d4 $5 Ba6
13. Re1 Nxd4 14. Bxd4 cxd4 15. Qa3 Bb7 16. Rad1 Be7 17. Qa4 Qe8 18. Qxd4 Rc8
19. Qf4 Bf6 20. Nd4 Be5 21. Qe3 g6 22. Nb5 {The position is full of life but
Black should be doing fine in principle. Only his next move is wrong.} Qxb5 $6
(22... Bb8 $5) (22... Rc5 $5) 23. Qxe5 Rfe8 24. Qb2 Rc5 25. h4 $16 {Fischer,
R-Filip,M Palma de Mallorca 1970 (1-0, 40) with good play against the Isolani
and the enemy kingside.}) ({Or as in a newer example:} 9... b6 10. Nxd5 exd5
11. d4 Bb7 12. Rc1 Re8 13. Qd2 Qd7 14. Rfd1 $14 {Kovalyov,A (2616)
-Kasimdzhanov,R (2704) Baku 2015 CBM 169 [CB] (1-0, 33)}) 10. dxc3 $5 {This is
rather rare, especially between strong players. White turns the structure
almost symmetrical, hoping that his g2-bishop will keep Black under pressure
yielding him better chances in the fight for the d-file.} ({The position
resulting after} 10. Bxc3 {is rather dull, as White cnnot open the centre
easily, but the following game unexpectedly turned interesting in the
middlegame:} Qc7 11. Qc2 Rd8 12. Qb2 Bf8 13. Rac1 Qb6 14. d3 Bd7 15. Ne5 Nxe5
16. Bxe5 Rac8 17. Rc4 f6 18. Bxf6 $5 gxf6 19. Qxf6 {Salov,V (2645)-Beliavsky,A
(2640) Linares 1991 CBM 022 [Salov,V] (1-0, 37)   Engines are sceptical and
Salov himself considers the position about equal, but at least this is not
boring anymore!}) 10... Qc7 11. Qc2 b6 12. Bc1 $5 $146 {Slightly paradoxical.
White disconnects his rooks temporarily to re-activate his bishop.} ({The
point is that doing everything according to the natural order is inoffensive:} 
12. Rad1 Bb7 13. Bc1 Rad8 $11) ({The following classical games did not pose
Black problems:} 12. Ne5 Bb7 13. Nxc6 Bxc6 14. Bxc6 Qxc6 15. c4 Rfd8 16. Rad1 (
16. Rfd1 {½-½ Flohr,S-Krogius,N Sochi 1965}) 16... Rxd1 17. Rxd1 Rd8 18.
Rxd8+ Bxd8 19. Qd3 Be7 {½-½ Ilivitzki,G-Krogius,N Sochi 1965}) 12... Bb7 13.
Bf4 Qc8 $6 {This is the main cause for Black's later problems.} ({Better
chances for equality were offered by} 13... Bd6 14. Bxd6 Qxd6 {for isntance}
15. Ng5 g6 16. Rad1 Qe7 {with more of a symbolic advantage for White.}) 14.
Rad1 Rd8 15. h4 h6 16. Rxd8+ Nxd8 {The start of an uninspired regrouping.} ({
But} 16... Bxd8 17. Rd1 Bc7 {would not have been all roses either:} 18. Qd2 $14
{planning the invasion along the d-file.} e5 19. Bxh6 $1 e4 (19... gxh6 20.
Qxh6 Qf8 21. Qg5+ Qg7 22. Qxg7+ Kxg7 23. Rd7 Rc8 24. Ng5 $18) 20. Qg5 Qf8 21.
Rd7 exf3 22. Bxf3 Bd8 23. Qxg7+ Qxg7 24. Bxg7 Kxg7 25. Rxb7 $14 {with more
than enough compensation for the piece.}) 17. Rd1 f5 (17... Nc6 {looks a bit
safer, but it would be hard formulating a plan with Black after, say,} 18. h5
$5 $14) 18. Qd2 Nf7 19. Qd7 Bf6 20. Ne5 $1 {A well-timed trick ensuring White
a persistent endgame advantage.} Nxe5 (20... Qxd7 21. Nxd7 Bxg2 22. Nxf6+ gxf6
23. Kxg2 e5 24. Bc1 h5 25. Rd7 $16) 21. Bxe5 Bxe5 22. Bxb7 Qxd7 23. Rxd7 Re8 (
23... Rf8 24. Re7 Rf7 {fails to neutralise White's pressure:} 25. Re8+ Kh7 26.
Bc8 $16) 24. Bc6 a5 (24... Bxc3 $2 25. Rd3 $18) (24... Rc8 $6 25. Bb5 Rc7 26.
f4 Rxd7 27. Bxd7 Bxc3 28. Bxe6+ Kf8 29. Bxf5 $18 {and due to his 4-2 majority
White wins.}) ({But the tricky move order} 24... Rf8 $5 {deserves mentioning:}
25. Rxa7 (25. c4 Rc8 $3 {With the d4-square available this works out well.} 26.
Bb5 Rc7 27. f4 Bd4+) 25... Bxc3 26. Re7 Rf6 27. h5 Kf8 28. Re8+ Kf7 29. Rb8 Ba5
$16 {Just as in the game, Black is very passive and has many weaknesses.}) 25.
Bb5 Kf8 26. f4 Bf6 27. Rd6 Re7 28. h5 Bxc3 29. Rxb6 c4 $5 {[%cal Gc3d4] A
desperate defence forcing White into temporarily releasing the pressure on e6,
thus allowing Black to slightly activate his pieces.} ({If} 29... Kf7 30. Bc4
Kf6 31. Kf2 Kf7 32. Kf3 Kf6 33. g4 fxg4+ 34. Kxg4 Re8 35. e4 $18) 30. Rb8+ Kf7
31. Bxc4 Rd7 32. Kg2 Ke7 33. Kf3 Rd1 34. Rb7+ Rd7 35. Rb5 Rd1 36. a3 Rf1+ 37.
Kg2 Rd1 38. e3 Rd6 39. Kf3 Rc6 40. g4 fxg4+ 41. Kxg4 a4 $6 {This will simplify
White's techical process.} ({But passive play should not save already.} 41...
Rd6 42. e4 Rd4 43. Kf3 Bd2 {[%csl Gf4]} 44. Re5 Rd6 45. Rc5 Rd4 46. Bb5 $18 {
[%cal Gc5c7]}) 42. Rb7+ Kd8 43. e4 Bb2 44. Bb5 Rc7 45. Rxc7 $1 {It turns out
that the pure bishop ending is easily won.} Kxc7 46. bxa4 Bc3 47. e5 Kd8 48.
Kf3 Bd2 49. Ke4 Ke7 50. f5 exf5+ 51. Kxf5 {After White has created another
passer the rest is a formality. The distance between the pawns is of 3 files,
ensuring the win.} Bc1 52. a5 Bxa3 53. a6 Bc5 54. Ke4 Ke6 55. Bc4+ Kd7 56. Kd5
Bf2 57. e6+ Kc7 58. Bb5 Bh4 59. a7 1-0

[Event "Tata Steel-A 80th"]
[Site "Wijk aan Zee"]
[Date "2018.01.26"]
[Round "11"]
[White "Mamedyarov, Shakhriyar"]
[Black "Carlsen, Magnus"]
[Result "1/2-1/2"]
[WhiteElo "2804"]
[BlackElo "2834"]
[Annotator "Fernandez,D"]
[PlyCount "75"]
[EventDate "2018.01.13"]
[EventType "tourn"]
[EventRounds "13"]
[EventCountry "NED"]
[EventCategory "20"]
[SourceTitle "CBM 183"]
[Source "ChessBase"]
[SourceDate "2018.03.14"]
[SourceVersion "1"]
[SourceVersionDate "2018.03.14"]
[SourceQuality "1"]
[TimeControl "40/6000+30:20/3000+30:900+30"]

1. d4 {[%emt 0:00:00]} Nf6 {[%emt 0:00:25]} 2. c4 {[%emt 0:00:00]} e6 {[%emt 0:
00:06]} 3. Nc3 {[%emt 0:00:00]} Bb4 {[%emt 0:00:06]} 4. Qc2 {[%emt 0:00:00]} d5
{[%emt 0:00:20]} 5. cxd5 {[%emt 0:00:07]} (5. a3 Bxc3+ 6. Qxc3 {is another big
main line, e.g.} O-O 7. Nf3 dxc4 8. Qxc4 b6 9. Bg5 $11 {, which was the path
followed by Ivanchuk,V-Harikrishna,P Huaian 2017}) 5... Qxd5 {[%emt 0:00:09]}
6. e3 {[%emt 0:01:56]} (6. Nf3 Qf5 $1 $11 {has now become famous, and after
some wrangling it has become clear that only Black can actually have a
positional edge in the endgame, despite his doubled f-pawns!}) 6... c5 {
[%emt 0:01:00]} 7. Bd2 {[%emt 0:00:08]} Bxc3 {[%emt 0:00:22]} 8. Bxc3 {[%emt 0:
00:05]} cxd4 {[%emt 0:00:44]} 9. Bxd4 {[%emt 0:00:05]} Nc6 {[%emt 0:00:08]} 10.
Bc3 {[%emt 0:00:04]} (10. Bxf6 gxf6 11. Ne2 {is the initial computer
recommendation, but this really isn't that good after say} Bd7 12. a3 Qa5+ 13.
Nc3 Ne7 $11 {Dreev,A -Fedoseev,V Moscow 2014}) 10... O-O {[%emt 0:00:54]} 11.
Nf3 {[%emt 0:00:20]} Rd8 {[%emt 0:18:24] Else Rd1 is slightly annoying.} 12.
Be2 {[%emt 0:12:37]} (12. Rd1 Qxd1+ 13. Qxd1 Rxd1+ 14. Kxd1 Ne4 15. Be1 e5 $11
{is another equal position, where White's bishop pair isn't yet active enough
to give him any advantage.}) 12... Qe4 {[%emt 0:03:03]} 13. Rc1 {[%emt 0:05:05]
} Qxc2 {[%emt 0:01:48]} 14. Rxc2 {[%emt 0:00:08]} Nd5 {[%emt 0:00:07]} (14...
Bd7 15. Nd4 Ne7 $11 {could be worth considering for the future; White's bishop
pair is a lot less scary when there is an extra pair of knights on the board.})
15. Ne5 {[%emt 0:21:44]} Bd7 {[%emt 0:03:44] This is the novelty!} (15... Nxe5
16. Bxe5 b6 17. a3 f6 18. Bg3 Bb7 19. O-O Rac8 20. Rfc1 e5 21. Rxc8 Rxc8 22.
Rxc8+ Bxc8 23. Kf1 {Grachev,B-Karjakin,S Antalya 2017. This somehow led to one
of the world's best defensive players being ground down; the problem is that
White can keep trying things and never runs any risk at all.}) 16. Nxc6 {
[%emt 0:15:26]} Bxc6 {[%emt 0:00:02]} 17. Bd2 {[%emt 0:00:40]} Ne7 {[%emt 0:22:
33]} 18. f3 {[%emt 0:01:06]} Rac8 {[%emt 0:00:37]} 19. e4 {[%emt 0:02:52]} (19.
Ba5 $5 b6 20. Bb4 Nd5 21. Bd2 $14 {prevents Black from playing ... a6 and ...
Bb5.}) 19... f6 {[%emt 0:00:57]} 20. Be3 {[%emt 0:02:47]} a6 {[%emt 0:00:46]}
21. Kf2 {[%emt 0:02:19]} (21. Bc4 $5 Kf7 22. Bb3 Bb5 23. Kf2 {and we can still
talk about a White edge based on the bishop pair.}) 21... Bb5 $1 {[%emt 0:01:
00] Black has equalised again.} 22. Rhc1 {[%emt 0:07:13]} Rxc2 {[%emt 0:01:24]}
23. Rxc2 {[%emt 0:00:08]} Bxe2 {[%emt 0:00:05]} 24. Kxe2 {[%emt 0:04:18]} Nc6
$11 {[%emt 0:00:28] There is nothing really left to play for. Black can choose
between an ...e5 based plan, and a rook-exchange based plan.} 25. b4 {[%emt 0:
01:04]} Rc8 {[%emt 0:01:52]} 26. Rc5 {[%emt 0:05:57]} b5 {[%emt 0:02:19]} 27.
f4 {[%emt 0:05:40]} Kf7 {[%emt 0:00:19]} 28. a3 {[%emt 0:00:16]} Ne7 {[%emt 0:
06:52]} 29. Rxc8 {[%emt 0:00:12]} Nxc8 {[%emt 0:00:03]} 30. Bc5 Ne7 {[%emt 0:
00:00]} 31. Bxe7 {[%emt 0:01:32]} Kxe7 {[%emt 0:00:00]} 32. Kf3 {[%emt 0:01:50]
} Kd6 33. Ke3 e5 {[%emt 0:00:40]} 34. f5 {[%emt 0:04:27]} Ke7 {[%emt 0:00:07]}
35. g4 {[%emt 0:00:39]} Kf7 {[%emt 0:00:31]} 36. h4 {[%emt 0:00:12]} Kg8 {
[%emt 0:00:13]} 37. Kf3 {[%emt 0:00:13]} h6 {[%emt 0:00:18]} 38. h5 {[%emt 0:
00:18]} 1/2-1/2

[Event "Tata Steel-A 80th"]
[Site "Wijk aan Zee"]
[Date "2018.01.26"]
[Round "11"]
[White "Matlakov, Maxim"]
[Black "Svidler, Peter"]
[Result "1/2-1/2"]
[WhiteElo "2718"]
[BlackElo "2768"]
[PlyCount "54"]
[EventDate "2018.01.13"]
[EventType "tourn"]
[EventRounds "13"]
[EventCountry "NED"]
[EventCategory "20"]
[SourceTitle "CBM 183"]
[Source "ChessBase"]
[SourceDate "2018.03.14"]
[SourceVersion "1"]
[SourceVersionDate "2018.03.14"]
[SourceQuality "1"]
[TimeControl "40/6000+30:20/3000+30:900+30"]

1. c4 {[%emt 0:00:00]} c5 {[%emt 0:00:38]} 2. Nf3 {[%emt 0:00:18]} Nc6 {
[%emt 0:00:50]} 3. d4 {[%emt 0:03:04]} cxd4 {[%emt 0:00:21]} 4. Nxd4 {[%emt 0:
00:03]} Nf6 {[%emt 0:00:46]} 5. Nc3 {[%emt 0:00:13]} e6 {[%emt 0:00:07]} 6. a3
{[%emt 0:02:04]} Bc5 {[%emt 0:05:06]} 7. Nb3 {[%emt 0:00:45]} Bb6 {[%emt 0:01:
33]} 8. c5 {[%emt 0:01:15]} Bc7 {[%emt 0:00:06]} 9. g3 {[%emt 0:00:06]} O-O {
[%emt 0:04:14]} 10. Bg2 {[%emt 0:00:36]} b6 {[%emt 0:05:35]} 11. O-O {[%emt 0:
01:01]} Be5 {[%emt 0:14:48]} 12. a4 {[%emt 0:11:54]} bxc5 {[%emt 0:10:03]} 13.
Nxc5 {[%emt 0:00:08]} d5 {[%emt 0:00:06]} 14. e4 {[%emt 0:04:01]} Rb8 {[%emt 0:
15:19]} 15. exd5 {[%emt 0:11:27]} Nxd5 {[%emt 0:01:41]} 16. Nxd5 {[%emt 0:18:
39]} exd5 {[%emt 0:00:14]} 17. Qxd5 {[%emt 0:00:19]} Qxd5 {[%emt 0:00:22]} 18.
Bxd5 {[%emt 0:00:04]} Nd4 {[%emt 0:04:01]} 19. Be3 {[%emt 0:12:54]} Bh3 {
[%emt 0:06:12]} 20. Bg2 {[%emt 0:01:13]} Bxg2 {[%emt 0:01:01]} 21. Kxg2 {
[%emt 0:00:07]} Nc2 {[%emt 0:01:20]} 22. Nd7 {[%emt 0:10:28]} Nxe3+ {[%emt 0:
03:48]} 23. fxe3 {[%emt 0:00:15]} Rxb2+ {[%emt 0:00:03]} 24. Kf3 {[%emt 0:00:
15]} Re8 {[%emt 0:00:05]} 25. Nxe5 {[%emt 0:04:58]} Rxe5 {[%emt 0:00:10]} 26.
Rab1 {[%emt 0:00:06]} Rxb1 {[%emt 0:00:17]} 27. Rxb1 {[%emt 0:00:05]} f6 {
[%emt 0:00:44]} 1/2-1/2